000 00738nam a2200217Ia 4500
003 GCL
008 140319s9999 xx 000 0 ara d
020 _a7114369957
040 _aGCL /
_cGCL
082 0 4 _aط
_b813.02
_bع ق
100 1 _aعلى هصيص
245 1 0 _aالقصص العالمية : الصياد والقمقم /
_cعلى هصيص
700 1 _aدنيا الجيلاوى
260 _aالاردن :
_bدار الاسراء للنشر والتوزيع ،
_c2006
300 _a16 سم ؛
_c32 سم
490 _aالقصص العالمية
_v0
650 0 4 _aالقصص القصيرة
650 0 4 _aقصص الاطفال
650 0 4 _aالقصص العالمية القصيرة المترجمة
942 _2ddc
_cBK
999 _c10064
_d10064